Statistics for Greek Mythology

Click here to take the quiz!

General Stats

  • This quiz has been taken 64 times
  • The average score is 42 of 68

Answer Stats

HintAnswer% Correct
Goddess of LoveAphrodite
98%
One Eyed MonsterCyclops
98%
Half-Man Half-Bull who is trapped in the labyrinthMinotaur
98%
God of the sunApollo
94%
God of violent warAres
94%
Goddess of DiscordEris
94%
God of the UnderworldHades
94%
Roman form of ^Mars
94%
Roman Form of ^Venus
94%
God of GodsZeus
94%
Goddess of the HuntArtemis
90%
Messenger of the GodsHermes
90%
God of the SeaPoseidon
90%
God of wine / The wine dudeDionysus
88%
3+ Headed Monster that can only be killed with fireHydra
88%
Roman Form of ^Jupiter
88%
Roman form of ^Neptune
88%
God of LoveEros
86%
Goddess of the HearthHestia
84%
King of the titansKronos
84%
Goddess of Strategic warAthena
82%
Roman form of ^Diana
82%
God of the forgeHephaestus
82%
What else is ^ a God ofDisease, Music, Sun
80%
Primordial Goddess of the EarthGaia
80%
Snake Haired Monster(Female)Gorgon
80%
Roman Form of ^Mercury
80%
Roman form of ^Pluto
80%
Titan of the sunHelios
78%
Goddess of VictoryNike
78%
What esle is ^ the God of?Horses, Hurricanes, Earthquakes
73%
What else is ^ the God of?Lightning, The Sky
73%
Roman Form of ^Cupid
71%
Titaness / Goddess of MagicHecate
71%
Roman Form of ^Saturn
71%
What else is ^ a Goddess of?Wisdom
71%
Roman Form of ^Vulcan
69%
What else is ^ the goddess of?Beauty
67%
What else is ^ the god of?Fire
67%
Roman Form of ^Minerva
67%
Roman form of ^Bacchus
65%
One who created the labyrinthDaedalus
63%
Queen of the titansRhea
63%
Goddess of Revenge and BalanceNemesis
61%
Roman form of ^Uranus
59%
What else is ^ the God of?Thieves
55%
Roman Form of ^Vesta
45%
Primordial god of the SkyOuranos
41%
God of the North Wind or ^ fatherBoreas
37%
Roman form of ^Sol
35%
What else is ^ a God of?Hidden Wealth
33%
Roman form of ^Terra
33%
Roman Form of ^Victoria
33%
Goddess of snowKhione
31%
What else is ^ the Goddess of?Crossroads
27%
God of the West WindZephyrus
24%
Roman Form of ^Discordia
18%
God of the East WindEurus
18%
Roman form of ^Trivia
18%
Roman form of ^Chione
16%
God of the South WindNotus
16%
Goddess of violent sea stormsKymopoleia
14%
Roman Form of ^Aquilo
10%
Roman Form of ^Ops
10%
Roman Form of ^Auster
6%
Roman Form of ^Favonius
6%
Roman Form Of ^Invidia
6%
Roman form of ^Vulturnus
4%

Score Distribution

Percentile by Number Answered

Percent of People with Each Score

Your Score History

You have not taken this quiz